[Event "GER-chT U10"]
[Site "Magdeburg"]
[Date "2013.12.28"]
[Round "4.3"]
[White "Wernecke, Tim"]
[Black "Grone, Marvin"]
[Result "0-1"]
[WhiteElo "986"]
[BlackElo "1003"]
[PlyCount "92"]
[EventDate "2013.12.27"]
[EventType "team-swiss"]
[EventRounds "5"]
[EventCountry "GER"]
[SourceTitle "EXT 2015"]
[Source "ChessBase"]
[SourceDate "2014.11.20"]
[SourceVersion "1"]
[SourceVersionDate "2014.11.20"]
[SourceQuality "1"]
[WhiteTeam "Magdeburg Schachzwerge"]
[BlackTeam "Bremen West"]
[WhiteTeamCountry "GER"]
[BlackTeamCountry "GER"]

1. e4 e5 2. Nf3 Nc6 3. Bc4 Nf6 4. Ng5 d5 5. exd5 Nxd5 6. Nxf7 Kxf7 7. Qf3+ Qf6 8. Bxd5+ Ke8 9. Qxf6 gxf6 10. Nc3 Nd4 11. Bb3 h5 12. Ne4 Be7 13. c3 Nf5 14. 0-0 Rh7 15. d3 Rg7 16. Rd1 Nh4 17. g3 Nf3+ 18. Kg2 Nh4+ 19. Kh1 Nf3 20. Bd5 c6 21. Nxf6+ Bxf6 22. Bxf3 Bh3 23. Bxh5+ Ke7 24. d4 exd4 25. Re1+ Kd7 26. cxd4 Bxd4 27. Rd1 c5 28. b4 Kc7 29. Bf4+ Kb6 30. bxc5+ Bxc5 31. Be3 Bxe3 32. fxe3 Rh8 33. Rab1+ Kc7 34. Rdc1+ Kb8 35. e4 Rg5 36. Be2 Rg6 37. e5 Rh7 38. Bf1 Bf5 39. Rb3 Rgh6 40. Re3 Rxh2+ 41. Kg1 Rxa2 42. e6 Bg6 43. e7 Be8 44. Rd1 Kc7 45. Rd8 Bc6 46. e8Q Rh1# 0-1